|
|
|
|
| LEADER |
01331nam a2200337 a 4500 |
| 001 |
12746141 |
| 003 |
BD-DhAAL |
| 005 |
20230709131239.0 |
| 008 |
111017s2002 nyu b 001 0 eng |
| 010 |
|
|
|a 2002067450
|
| 020 |
|
|
|a 0231125720 (alk. paper)
|
| 020 |
|
|
|a 0231125739 (pbk. : alk. paper)
|
| 040 |
|
|
|a DLC
|c DLC
|d DLC
|d BD-DhAAL
|
| 042 |
|
|
|a pcc
|
| 043 |
|
|
|a f-ua---
|
| 082 |
0 |
0 |
|a 962.05
|2 21
|
| 100 |
1 |
|
|a Wickham, Carrie Rosefsky,
|d 1962-
|9 54979
|
| 245 |
1 |
0 |
|a Mobilizing Islam :
|b religion, activism, and political change in Egypt /
|c Carrie Rosefsky Wickham.
|
| 260 |
|
|
|a New York :
|b Columbia University Press,
|c c2002.
|
| 300 |
|
|
|a xvi, 306 pages ;
|c 24 cm.
|
| 500 |
|
|
|a Based on the author's dissertation.
|
| 504 |
|
|
|a Includes bibliographical references (p. [269]-293) and index.
|
| 541 |
|
|
|e 00023709
|
| 610 |
2 |
0 |
|a Jamʻīyat al-Ikhwān al-Muslimīn (Egypt)
|9 54980
|
| 650 |
|
0 |
|a Islam and politics
|z Egypt.
|9 54981
|
| 650 |
|
0 |
|a Political participation
|z Egypt.
|9 54982
|
| 651 |
|
0 |
|a Egypt
|x Politics and government
|y 1952-
|9 54983
|
| 852 |
1 |
|
|a Ayesha Abed Library
|c General shelf.
|
| 942 |
|
|
|2 ddc
|c BK
|
| 999 |
|
|
|c 11338
|d 11338
|
| 952 |
|
|
|0 0
|1 0
|2 ddc
|4 0
|6 962_050000000000000_WIC
|7 0
|9 18431
|a BIGD
|b BIGD
|c GEN
|d 2023-07-09
|e BDI
|l 0
|o 962.05 WIC
|p 3050023709
|r 2011-10-18
|t 1
|w 2011-10-18
|y BK
|x Transferred from BDI to BIGD.
|